003010000a220007300045001000024000002450136000243000053001607730014002131 aRodríguez, Javier10aEl grito silencioso : Colombia mantiene firme su posición contra el aborto pero las cifras confirman que es de práctica común aVol. 64, Num. 64 (Agosto, 1994), Páginas 34-350 tCambio 16